Normal view
MARC view
- عدس، محمد عبد الرحيم مؤلف/مصلح،عدنان عارف م.مشارك
Entry Personal Name
001 - CONTROL NUMBER
- control field: 42507
003 - CONTROL NUMBER IDENTIFIER
- control field: JO-AjAnu
005 - DATE AND TIME OF LATEST TRANSACTION
- control field: 20230606081043.0
008 - FIXED-LENGTH DATA ELEMENTS
- fixed length control field: 230606|| aca||aabn | a|a d
040 ## - CATALOGING SOURCE
- Original cataloging agency: JO-AjAnu
- Transcribing agency: JO-AjAnu
100 ## - HEADING--PERSONAL NAME
- Personal name: عدس، محمد عبد الرحيم مؤلف/مصلح،عدنان عارف م.مشارك
670 ## - SOURCE DATA FOUND
- Source citation: Work cat.: (JO-AjAnu)21774: عدس، محمد عبد الرحيم مؤلف/مصلح،عدنان عارف م.مشارك, author, رياض الأطفال